|
|
|
|
| LEADER |
02027nam a2200421 a 4500 |
| 001 |
mzk03001184865 |
| 003 |
CZ BrMZK |
| 005 |
20130906163308.0 |
| 007 |
ta |
| 008 |
121115s1883 gw f |||| 0 ger|d |
| 040 |
|
|
|a BOA001
|b cze
|
| 072 |
|
7 |
|a 27-78
|x Křesťanská sdružení, spolky a organizace. Řeholní řády
|2 Konspekt
|9 5
|
| 072 |
|
7 |
|a 094.5
|x Tisky (19. století)
|2 Konspekt
|9 12
|
| 080 |
|
|
|a 27-788-1/-9
|2 MRF
|
| 080 |
|
|
|a 27-789.62
|2 MRF
|
| 080 |
|
|
|a 025.171
|2 MRF
|
| 100 |
1 |
|
|a Hugues, Markus Andreas,
|d činný 1831-1844
|4 aut
|
| 245 |
1 |
4 |
|a Die Klosterfrauen Maria Victoria und Marianna Josepha (Gräfinnen von Welsersheimb) :
|b Zwei Lebensbilder aus dem beschaulichen Orden der Redemptoristinnen /
|c Nebst Mittheilungen über die Entstehung, Verbreitung und Einrichtung dieses Ordens. Von P. M. A. Hugues, C. SS. R.
|
| 260 |
|
|
|a Freiburg im Breisgau :
|b Herder'sche Verlagshandlung,
|c 1883
|
| 300 |
|
|
|a XII, 204 s. ;
|c 8°
|
| 500 |
|
|
|a Výzdoba: Patitul, text tištěn v rámcích
|
| 561 |
|
|
|a Provenience: [razítko] Bibliotheca Mon. Raigrad. O.S.B
|
| 561 |
|
|
|a Provenience: [razítko] Wissenschaftliche Studien des Benedictiner-Ordens - Redaction Stift Raigern bei Brünn. Oesterr
|
| 563 |
|
|
|a Poloplátěná vazba, na hřbetě zlacené linky, mramorovaná ořízka
|
| 650 |
|
7 |
|a řeholní život
|7 ph128285
|2 czenas
|
| 650 |
|
7 |
|a redemptoristé
|7 ph125050
|2 czenas
|
| 650 |
|
7 |
|a historické knihovní fondy
|7 ph172933
|2 czenas
|
| 856 |
4 |
1 |
|u https://imageserver.mzk.cz/mzk03/001/184/865/328100207268.titul
|y Digitalizovaný dokument
|
| 910 |
|
|
|e BOE950
|c R - S. I. c. 51
|
| 978 |
|
|
|b Herder - dílna
|a Freiburg i.B.
|c 1883
|
| 982 |
0 |
|
|a Rajhrad - benediktinský klášter
|
| 982 |
0 |
|
|a Rajhrad - Wissenschaftliche Studien des Benedictiner-Ordens - Redaction Stift Raigern bei Brünn. Oesterr.
|
| 984 |
|
|
|a Freiburg i. Breisgau
|b Německo
|
| 985 |
|
|
|a 1851-1900
|
| 990 |
|
|
|a BK
|
| 996 |
|
|
|e BOE950
|c R - S. I. c. 51
|
| 980 |
|
|
|c 207268
|g R - S. I. c. 51
|1 328100207268
|p BN: 30989
|
| 991 |
|
|
|k rajhrad
|